Plan de marketing estratégico para la comercialización de glicerina en los laboratorios farmacéuticos nicaragüenses para la empresa Glicerol S.A
Presenta un plan de marketing estratégico para la comercialización de glicerina en los laboratorios farmacéuticos nicaragüenses para la empresa Glicerol S.A durante el periodo 2010 – 2014.
| Main Authors: | , |
|---|---|
| Other Authors: | |
| Format: | Tesis Section = Libro |
| Language: | Undetermined Spanish |
| Published: |
Managua
UNI
2010
|
| Subjects: |
| LEADER | 01214nam a2200277Ia 4500 | ||
|---|---|---|---|
| 008 | 240830s9999 xx 000 0 und d | ||
| 040 | |a BIBLIOTECA-RUPAP M.Mon 658.8 F634 | ||
| 041 | |a spa | ||
| 082 | |a M.Mon 658.8 F634 | ||
| 100 | 1 | |a Flores Ruiz, Johanna Scarleth | |
| 100 | 1 | |b Cisneros Jirón, Alejandro Javier | |
| 245 | 1 | 0 | |a Plan de marketing estratégico para la comercialización de glicerina en los laboratorios farmacéuticos nicaragüenses para la empresa Glicerol S.A |
| 260 | |a Managua |b UNI |c 2010 | ||
| 300 | |a 203 p. :il. | ||
| 502 | |a Tesis (Máster en Dirección y Gestión de Empresas)- UNI, 2010. | ||
| 520 | 3 | |a Presenta un plan de marketing estratégico para la comercialización de glicerina en los laboratorios farmacéuticos nicaragüenses para la empresa Glicerol S.A durante el periodo 2010 – 2014. | |
| 650 | 7 | |a ADMINISTRACIÓN DE LA DISTRIBUCIÓN - MERCADEO | |
| 650 | 7 | |b ANÁLISIS DE MERCADO | |
| 650 | 7 | |c ANÁLISIS ESTRATÉGICO - FODA | |
| 650 | 7 | |d ESTRATEGIAS DE MARKETING - PUBLICIDAD | |
| 650 | 7 | |e PLANEACIÓN ESTRATÉGICA | |
| 650 | 7 | |f PLAN DE MARKETING | |
| 700 | 1 | |a Tutor: |b Caldera Alfaro, Mario José | |
| 942 | |c BK |2 ddc | ||
| 991 | |a TESIS | ||
| 999 | |c 15249 | ||